000 00473nam a2200181Ia 4500
001 1858
005 20260306143759.0
008 260306t2015||||xx |||||||||||||| ||spa||
041 _aESP
082 _a155.9042
_bC75
100 _aCólica, Pablo R.
_eAUT
245 0 _aEstrés manual diagnóstico:
_bla explicación psicobiológica de los síntomas
260 _c2015
300 _a159 páginas :
_c23 cm.
650 _aGEN
654 _aCPS
942 _cLIB
_dJUS
_fJUS
_2ddc
_n
999 _c1858
_d1858